| 000 -CABECERA |
| Longitud fija campo de control |
00760nam a2200181 a 4500 |
| 001 - NÚMERO DE CONTROL |
| Número de control |
702 |
| 003 - IDENTIFICADOR DEL NÚMERO DE CONTROL |
| Identificador del número de control |
CDMR |
| 005 - FECHA Y HORA DE LA ÚLTIMA TRANSACCIÓN |
| Fecha y hora de la última transacción |
20131029102235.0 |
| 008 - CÓDIGOS DE INFORMACIÓN DE LONGITUD FIJA |
| Códigos de información de longitud fija |
130130s1942||||||||||||||||||||||||||||d |
| 040 ## - FUENTE DE LA CATALOGACIÓN |
| Centro catalogador de origen |
CDMR |
| Lengua de catalogación |
cat |
| Centro transcriptor |
CDMR |
| 100 1# - PUNTO DE ACCESO PRINCIPAL-NOMBRE DE PERSONA |
| Nombre de persona |
Fabié, Antonio María |
| 9 (RLIN) |
540 |
| 245 10 - MENCIÓN DE TÍTULO |
| Título |
Diario de Barcelona, 1792-1942 |
| Resto del título |
: conferencia de Don Antonio Maria Fabié |
| 246 ## - VARIANTES DE TÍTULO |
| Título propio / Título en breve |
Vicisitudes porque pasó el Diario de Barcelona desde su fundación en 1792, hasta el momento actual 1942 |
| 260 ## - PUBLICACIÓN, DISTRIBUCIÓN, ETC. (PIE DE IMPRENTA) |
| Lugar de publicación, distribución, etc. |
Barcelona |
| Fecha de publicación, distribución, etc. |
1942 |
| 500 ## - NOTA GENERAL |
| Nota general |
Conferència de Don Antonio Maria Fabié "Vicisitudes porque pasó el Diario de Barcelona desde su fundación en 1792, hasta el momento actual 1942", llegida a Madrid el 25 d'abril de 1942 |
| 610 2# - PUNTO DE ACCESO ADICIONAL DE MATERIA - NOMBRE DE ENTIDAD CORPORATIVA |
| 9 (RLIN) |
2617 |
| Nombre de entidad corporativa o nombre de jurisdicción como elemento inicial |
Diari de Barcelona |
| 942 ## - ENTRADA DE ELEMENTOS AGREGADOS (KOHA) |
| Koha [por defecto] tipo de item |
Fullets |
| Fuente de clasificaión o esquema |
|